Movies Quiz

Random Movies or Letter Quiz

'L' Movies by Picture Quiz Stats

 Plays Quiz Updated Oct 12, 2018

Challenge
Share
Tweet
Score 0/25 Timer 06:00
0 Plays Today
Grid Location Movie % Correct
3DThe Lion King
96.9%
3ALady and the Tramp
94.9%
5FThe Little Mermaid
94%
4CLord of the Rings...
92%
4BLiar Liar
83.3%
3FLegally Blonde
79.6%
2ALawrence of Arabia
72.2%
5CThe Land Before Time
71.4%
2FA League of Their Own
66.7%
4DThe Last Samurai
64%
1CLittle Miss Sunshine
62.5%
1FLethal Weapon
61.4%
5ALeatherheads
49.5%
Grid Location Movie % Correct
1DThe Legend of Bagger Vance
40.7%
5EThe Lost Boys
37.3%
3ELimitless
35.6%
3BLock, Stock, and Two Smoking Barrels
34.1%
2DLeon: The Professional
33.3%
5DLife of Brian
33.1%
4ELast Action Hero
29.6%
2BLars and the Real Girl
29.5%
1EL.A. Confidential
29.3%
4ALife is Beautiful
22.3%
5BLayer Cake
19.5%
2CLucky Number Slevin
14.6%

You're not logged in!

Compare scores with friends on all Sporcle quizzes.
OR
Log In

You Might Also Like...

Show Comments

Extras

Top Quizzes Today


Score Distribution

Your Account Isn't Verified!

In order to create a playlist on Sporcle, you need to verify the email address you used during registration. Go to your Sporcle Settings to finish the process.

Report this User

Report this user for behavior that violates our Community Guidelines.

Details: